Countries that were in the 1998 FIFA World Cup - Statistics

General Stats
  • This quiz has been taken 58 times
  • The average score is 32 of 32
Answer Stats
Picture Answer % Correct
Argentina
100%
Austria
100%
Belgium
100%
Brazil
100%
Cameroon
100%
Colombia
100%
Croatia
100%
England
100%
France
100%
Germany
100%
Iran
100%
Italy
100%
Mexico
100%
Morocco
100%
Netherlands
100%
Nigeria
100%
Norway
100%
Romania
100%
Scotland
100%
South Korea
100%
Spain
100%
USA
100%
Bulgaria
98%
Chile
98%
Denmark
98%
Jamaica
98%
Japan
98%
Paraguay
98%
Saudi Arabia
98%
South Africa
98%
Tunisia
98%
FR Yugoslavia
90%
No matching quizzes found
Score Distribution
Percent of People with Each Score
Percentile by Number Answered
Your Score History
You have not taken this quiz